000 03322nkm0a2200469 4500
001 RU\NLR\BIBL_A\022743512
005 20260407113958.0
035 _a(NLR Aleph) 022743512
071 5 0 _a39
090 _a13633137
_c13633137
100 _a20260304d2015 u y0rusy50 ca
101 0 _arus
_aeng
102 _aRU
116 _adiybxx zz ae
181 0 _ab4
_bxb2e
182 0 _an
200 1 _aЦарское Село. Большой дворец
_dTsarskoye Selo. The Great Palace
_eиз собрания Государственного музея-заповедника "Царское Село", 1870-е
_eпочтовая карточка
_fДжованни Бианки
_zeng
203 _aИзображение
_bнеподвижное
_bдвухмерное
_bвизуальное
_cнепосредственное
210 _a[Санкт-Петербург]
_cСтереоскоп
_d2015
215 _a1 л.
_cфотомех. печ.
_d9,9х15
300 _aСведения об ответственности также на англ. яз.: Giovanni Bianchi
301 _aИзд. номер: № 39
510 1 _6z45790
_aTsarskoye Selo. The Great Palace
_zeng
606 1 _aПочтовые открытки маркированные художественные
_yРоссийская Федерация
_92280867
_3RU\NLR\AUTH\661366550
606 1 _aФотографические открытки
_92151039
_3RU\NLR\AUTH\661600135
606 1 _aФотография художественная русская
_jОткрытки
_z19 в.
_92614416
_3RU\NLR\AUTH\661550974
607 _aЦарское Село, город
_jОткрытки
_92543172
_3RU\NLR\AUTH\661505431
610 1 _aРепродукционные открытки
610 1 _aВидовые открытки
617 _aРоссия
_cСанкт-Петербургская губерния
_cЦарскосельский уезд
_dЦарское Село, город
_eБольшой дворец
686 1 _aЩ153(2Р)75-489
702 1 _4600
_aБианки
_bИ. К.
_cфотограф
_f1811-1893
_gИван Карлович
_9147121
_3RU\NLR\AUTH\770147157
712 0 2 _4570
_a"Царское Село", государственный музей-заповедник
_cПушкин, Санкт-Петербург
_3RU\NLR\AUTH\889945637
_9386700
790 1 _4600
_7ba
_8rus
_aBianki
_bI. K.
_cфотограф
_f1811-1893
_gIvan Karlovič
_9147165
_3RU\NLR\AUTH\770147201
830 _a"... Екатерининского (до 1910 года — Большого Царскосельского) дворца-музея": https://tzar.ru/objects/ekaterininsky (04.03.2026). АЯ ОЭФ
830 _a"Большой, или Старый, дворец — огромное великолепное здание, сооруженное в стиле рококо архитектором Растрелли при императрице Елизавете Петровне и значительно расширенное при имп. Екатерине II": https://ru.wikisource.org/wiki/ЭСБЕ/Царское_Село (04.03.2026). АЯ ОЭФ
852 0 0 _aNLR
_bЭ
_jОТ63/П913/39
_mЭот101147
942 _cVISUAL
980 _aNB